000 00611nam a22001815i 4500
001 173539
003 ES-MaACL
005 20230906215252.0
008 091207s1945 sp |||| | spa d
080 _a(038)=134.2=14
245 0 0 _aDiccionario griego-español.
260 _aMadrid :
_bBibliográfica Española,
_c1945.
300 _a930, [8] p. :
_bil. ;
_c20 cm.
594 _aPrecede al tít: Textos E.P.
650 1 4 _aLengua griega-
_vDiccionarios-
_xEspañol.
_914242
710 2 _aCompañía Bibliográfica Española.
_9171207
852 _aES-MaACL
_jE-13196
_z- Biblioteca Jacinto Martínez Lacalle
999 _c173539
_d173539